El olor de la India / (Record no. 12114)

MARC details
000 -LEADER
campo de control de longitud fija 01039nam a2200313 i 4500
001 - NÚMERO DE CONTROL
campo de control 12114
003 - IDENTIFICADOR DE NÚMERO DE CONTROL
campo de control ES-MaACL
005 - FECHA Y HORA DE LA ÚLTIMA TRANSACCIÓN
campo de control 20250902063049.0
007 - CAMPO FIJO DE DESCRIPCIÓN FÍSICA--INFORMACIÓN GENERAL
campo de control de longitud fija t|
008 - DATOS DE LONGITUD FIJA--INFORMACIÓN GENERAL
campo de control de longitud fija 970411s1996 sp ||||1| spa d
020 ## - NÚMERO INTERNACIONAL ESTÁNDAR DEL LIBRO
Número Internacional Estándar del Libro 84-297-414-3
080 ## - NÚMERO DE LA CLASIFICACIÓN DECIMAL UNIVERSAL
Número de la Clasificación Decimal Universal 850-992"19"
080 ## - NÚMERO DE LA CLASIFICACIÓN DECIMAL UNIVERSAL
Número de la Clasificación Decimal Universal 915.40
080 ## - NÚMERO DE LA CLASIFICACIÓN DECIMAL UNIVERSAL
Número de la Clasificación Decimal Universal 929 Moravia, Alberto (049.3)
100 1# - ENTRADA PRINCIPAL--NOMBRE DE PERSONA
Nombre de persona Pasolini, Pier Paolo,
Fechas asociadas al nombre 1922-1975
9 (RLIN) 89424
245 13 - MENCIÓN DEL TÍTULO
Título El olor de la India /
Mención de responsabilidad, etc. Pier Paolo Pasolini ; con una entrevista de Renzo Paris a Alberto Moravia ; traducción de Atilio Pentimalli Melacrino.
250 ## - MENCION DE EDICION
Mención de edición 1ª.
260 ## - PUBLICACIÓN, DISTRIBUCIÓN, ETC.
Lugar de publicación, distribución, etc. Barcelona :
Nombre del editor, distribuidor, etc. Península,
Fecha de publicación, distribución, etc. 1996.
300 ## - DESCRIPCIÓN FÍSICA
Extensión 119 p. ;
Dimensiones 22 cm.
490 1# - MENCIÓN DE SERIE
Mención de serie Ficciones ;
Designación de volumen o secuencia 8
600 14 - PUNTO DE ACCESO ADICIONAL DE MATERIA--NOMBRE DE PERSONA
Nombre de persona Moravia, Alberto,
Fechas asociadas al nombre 1907-1990-
Subdivisión general Entrevistas
9 (RLIN) 83167
651 #4 - PUNTO DE ACCESO ADICIONAL DE MATERIA--NOMBRE GEOGRÁFICO
Nombre geográfico India-
Subdivisión general Descripción.
9 (RLIN) 8839
700 1# - ENTRADA AGREGADA--NOMBRE PERSONAL
Nombre de persona Paris, Renzo.
9 (RLIN) 89144
700 1# - ENTRADA AGREGADA--NOMBRE PERSONAL
Nombre de persona Moravia, Alberto,
Fechas asociadas al nombre 1907-1990
9 (RLIN) 83166
700 1# - ENTRADA AGREGADA--NOMBRE PERSONAL
Nombre de persona Pentimalli, Atilio.
9 (RLIN) 90195
830 0# - PUNTO DE ACCESO ADICIONAL DE SERIE-TÍTULO UNIFORME
Título uniforme Ficciones ;
Designación de volumen o secuencia 8
9 (RLIN) 179319
852 ## - LOCALIZACIÓN
Ubicación ES-MaACL
Número de control de estantería L-19477
Sublocalización o colección R.125678
Holdings
Estatus retirado Estado de pérdida Estado de daño No para préstamo Biblioteca de origen Biblioteca actual Ubicación en estantería Fecha de adquisición Fuente de adquisición Total de préstamos Signatura topográfica completa Código de barras Visto por última vez Precio de reemplazo Tipo de ítem Koha
        Biblioteca del Ateneo de Madrid Biblioteca del Ateneo de Madrid Depósito 2 17/01/2008     L-19477 1012343 23/02/2023 23/02/2023 Libro impreso